000 00357 a2200157 4500
001 60355
020 _a
040 _cAnchieta - Pituba
100 _aAmaro, Alexandre
240 1 0 _aEstudo de obras
_lpor
245 1 0 _aEstudo de obras
300 _a170
362 0 _a2009
650 4 _a. Vestibulares / Exames de admissão em universidades
942 _cBK
999 _c60355
_d60355